[Event "Titled Tuesday intern op 23rd Apr Late"]
[Site "Chess.com INT"]
[Date "2024.04.23"]
[Round "3"]
[White "Meduri, Aakaash"]
[Black "Pasti, Aron"]
[Result "1-0"]
[WhiteElo "1962"]
[BlackElo "2382"]
[PlyCount "81"]
[EventDate "2024.04.23"]
[EventType "swiss (blitz)"]
[EventRounds "11"]
[EventCountry "USA"]
[SourceTitle "CB18_2024"]
[SourceDate "2024.05.01"]
[SourceVersion "1"]
[SourceVersionDate "2024.05.01"]
[SourceQuality "2"]

1. d4 Nf6 2. Bf4 e6 3. e3 c5 4. Nf3 b6 5. Nbd2 Bb7 6. Bd3 Nc6 7. c3 Be7 8. 0-0 0-0 9. h3 Rc8 10. a4 d6 11. Qe2 Nh5 12. Bh2 f5 13. e4 cxd4 14. exf5 exf5 15. Nxd4 Nxd4 16. Qxh5 g6 17. Qd1 Ne6 18. Qb3 d5 19. Qd1 Bd6 20. Re1 Bxh2+ 21. Kxh2 Qd6+ 22. Kg1 Nf4 23. Bf1 d4 24. Nf3 Qd5 25. Qxd4 Nxh3+ 26. Kh2 Qxf3 27. gxf3 Ng5 28. Bc4+ Rxc4 29. Qxc4+ Kh8 30. Re3 f4 31. Rd3 Bxf3 32. Rxf3 Nxf3+ 33. Kg2 Nh4+ 34. Kh3 Nf3 35. Rd1 Kg7 36. Rd7+ Kh6 37. Qc7 Ng5+ 38. Kh2 f3 39. Qxa7 Rf4 40. Rd4 Ne4 41. Qe7 1-0

[Event "Titled Tuesday intern op 23rd Apr Late"]
[Site "Chess.com INT"]
[Date "2024.04.23"]
[Round "2"]
[White "Pasti, Aron"]
[Black "Drygalov, Andrey"]
[Result "0-1"]
[WhiteElo "2382"]
[BlackElo "2455"]
[PlyCount "96"]
[EventDate "2024.04.23"]
[EventType "swiss (blitz)"]
[EventRounds "11"]
[EventCountry "USA"]
[SourceTitle "CB18_2024"]
[SourceDate "2024.05.01"]
[SourceVersion "1"]
[SourceVersionDate "2024.05.01"]
[SourceQuality "2"]

1. e4 c5 2. Nf3 d6 3. d4 cxd4 4. Nxd4 Nf6 5. Nc3 a6 6. a4 e5 7. Nf3 Be7 8. Bc4 h6 9. 0-0 Be6 10. Bb3 0-0 11. Be3 Nbd7 12. a5 Rc8 13. Nd2 Nc5 14. f3 d5 15. Bxd5 Nxd5 16. exd5 Bxd5 17. Nxd5 Qxd5 18. Qe2 Ne6 19. c3 Rfd8 20. Rfd1 Bc5 21. Nf1 Qc6 22. Qf2 Bf8 23. Ng3 Qb5 24. Bb6 Rxd1+ 25. Rxd1 Nf4 26. Nf5 Qb3 27. Rd2 Qe6 28. Ne3 Qg6 29. Qf1 h5 30. g3 h4 31. Kf2 Ne6 32. Ng4 hxg3+ 33. hxg3 Ng5 34. Nxe5 Qf5 35. f4 Ne4+ 36. Ke3 Nxd2 37. Kxd2 Bd6 38. Qd3 Qxd3+ 39. Nxd3 f6 40. b3 Kf7 41. c4 Ke6 42. c5 Be7 43. Ke3 Rh8 44. Kf3 Kd5 45. Nf2 Bxc5 46. Bc7 Kc6 47. Bb6 Bxb6 48. axb6 Kxb6 0-1

[Event "Titled Tuesday intern op 23rd Apr Late"]
[Site "Chess.com INT"]
[Date "2024.04.23"]
[Round "1"]
[White "Pasti, Aron"]
[Black "Liu, Zachary Hankun"]
[Result "1-0"]
[WhiteElo "2382"]
[BlackElo "1910"]
[PlyCount "59"]
[EventDate "2024.04.23"]
[EventType "swiss (blitz)"]
[EventRounds "11"]
[EventCountry "USA"]
[SourceTitle "CB18_2024"]
[SourceDate "2024.05.01"]
[SourceVersion "1"]
[SourceVersionDate "2024.05.01"]
[SourceQuality "2"]

1. e4 c5 2. Nf3 Nc6 3. d4 cxd4 4. Nxd4 Nf6 5. Nc3 e5 6. Ndb5 d6 7. Nd5 Nxd5 8. exd5 Nb8 9. a4 a6 10. Na3 Be7 11. Be2 0-0 12. 0-0 f5 13. Bd2 Nd7 14. Nc4 Nf6 15. a5 Rb8 16. Bb4 Qc7 17. Nxe5 dxe5 18. d6 Qd7 19. dxe7 Re8 20. Bc4+ Kh8 21. Qxd7 Bxd7 22. Bf7 Rec8 23. Bd6 Ra8 24. Bxe5 Rc6 25. Rfd1 Be8 26. Rd8 Rcc8 27. Rad1 h6 28. Bxf6 gxf6 29. Rxc8 Rxc8 30. Rd8 1-0

[Event "Karlsruhe Grenke op"]
[Site "Karlsruhe"]
[Date "2024.04.01"]
[Round "9"]
[White "Feuerstack, Aljoscha"]
[Black "Pasti, Aron"]
[Result "1-0"]
[WhiteElo "2471"]
[BlackElo "2373"]
[PlyCount "67"]
[EventDate "2024.03.28"]
[EventType "swiss"]
[EventRounds "9"]
[EventCountry "GER"]
[SourceTitle "CB14_2024"]
[SourceDate "2024.04.01"]
[SourceVersion "1"]
[SourceVersionDate "2024.04.01"]
[SourceQuality "1"]

1. d4 Nf6 2. c4 e6 3. g3 d5 4. Nf3 Be7 5. Bg2 0-0 6. 0-0 c6 7. Nc3 b6 8. Ne5 Nfd7 9. cxd5 Nxe5 10. dxe5 exd5 11. Nxd5 Ba6 12. Nxe7+ Qxe7 13. Qd6 Qxd6 14. exd6 Bxe2 15. Re1 Bc4 16. Bf4 h6 17. Rad1 Rd8 18. Re7 Kf8 19. a4 Bb3 20. Rd4 Be6 21. Rb7 Bd7 22. b4 a5 23. Rxb6 axb4 24. Rdxb4 Na6 25. Rc4 Nb8 26. h4 Be6 27. Rcb4 Bd5 28. Bxd5 cxd5 29. Be3 Ke8 30. Rg4 Nd7 31. Rb5 g6 32. Rxd5 Nf6 33. Re5+ Kd7 34. Rd4 1-0

[Event "HUN-ch U20"]
[Site "Budapest"]
[Date "2024.03.17"]
[Round "7"]
[White "Pasti, Aron"]
[Black "Pasztor, Balazs"]
[Result "0-1"]
[WhiteElo "2373"]
[BlackElo "2406"]
[PlyCount "56"]
[EventDate "2024.03.11"]
[EventType "tourn"]
[EventRounds "9"]
[EventCountry "HUN"]
[EventCategory "4"]
[SourceTitle "CB13_2024"]
[SourceDate "2024.03.27"]
[SourceVersion "1"]
[SourceVersionDate "2024.03.27"]
[SourceQuality "1"]

1. e4 c5 2. Nf3 d6 3. d4 cxd4 4. Nxd4 Nf6 5. Nc3 Nc6 6. Bg5 e6 7. Qd2 a6 8. 0-0-0 Be7 9. f3 Nxd4 10. Qxd4 0-0 11. Bc4 b5 12. Bb3 Bb7 13. h4 Qc7 14. h5 h6 15. Bh4 Rac8 16. g4 d5 17. exd5 Nxd5 18. Bxd5 Bc5 19. Qe4 exd5 20. Nxd5 Qc6 21. Nc3 Rfe8 22. Qxc6 Bxc6 23. Rhf1 b4 24. Nd5 Re5 25. c4 Bxd5 26. f4 Be3+ 27. Kb1 Be4+ 28. Ka1 Ree8 0-1

[Event "HUN-ch U20"]
[Site "Budapest"]
[Date "2024.03.15"]
[Round "5"]
[White "Pasti, Aron"]
[Black "Gombocz, Ferenc Jr"]
[Result "1-0"]
[WhiteElo "2373"]
[BlackElo "2351"]
[PlyCount "137"]
[EventDate "2024.03.11"]
[EventType "tourn"]
[EventRounds "9"]
[EventCountry "HUN"]
[EventCategory "4"]
[SourceTitle "CB13_2024"]
[SourceDate "2024.03.27"]
[SourceVersion "1"]
[SourceVersionDate "2024.03.27"]
[SourceQuality "1"]

1. e4 e5 2. Nf3 Nc6 3. Bb5 a6 4. Ba4 Nf6 5. 0-0 Be7 6. d4 exd4 7. e5 Ne4 8. Nxd4 Nxd4 9. Qxd4 Nc5 10. Bb3 Nxb3 11. cxb3 0-0 12. Bf4 d6 13. exd6 Bxd6 14. Bxd6 Qxd6 15. Qxd6 cxd6 16. Nc3 Be6 17. f4 f5 18. Rad1 Rad8 19. Rd2 Rd7 20. Re1 Bf7 21. Red1 Rfd8 22. Rd4 Be6 23. b4 b5 24. R4d2 Kf7 25. b3 Rc8 26. Ne2 Ke7 27. Nd4 Kf6 28. Re1 Bf7 29. Nf3 Be6 30. Ng5 Bg8 31. h3 g6 32. Kh2 h5 33. Kg3 Bf7 34. Kh4 Rc6 35. Nf3 Rdc7 36. Red1 d5 37. Ne1 Re7 38. Nf3 Re4 39. Kg3 Rc3 40. Rd3 h4+ 41. Nxh4 Rxd3+ 42. Rxd3 Rxb4 43. Nf3 Re4 44. Rc3 Be8 45. Rc8 a5 46. Ng5 Re7 47. Ra8 a4 48. Ra6+ Kg7 49. Re6 Kf8 50. Rxe7 Kxe7 51. b4 d4 52. Kf2 Kd6 53. Ke2 Bc6 54. Nf7+ Ke7 55. Ne5 Bxg2 56. Kd3 Bxh3 57. Nxg6+ Kd6 58. Kxd4 a3 59. Nh4 Bg4 60. Ng2 Bh5 61. Ne3 Bf7 62. Nc2 Bxa2 63. Nxa3 Kc6 64. Ke5 Bb3 65. Nb1 Bc2 66. Nc3 Bd3 67. Nd5 Kd7 68. Ne3 Kc6 69. Nxf5 1-0

[Event "Titled Tuesday intern op 12th Mar Late"]
[Site "Chess.com INT"]
[Date "2024.03.12"]
[Round "2"]
[White "Pasti, Aron"]
[Black "Suyarov, Mukhammadzokhid"]
[Result "0-1"]
[WhiteElo "2373"]
[BlackElo "2407"]
[PlyCount "34"]
[EventDate "2024.03.12"]
[EventType "swiss (blitz)"]
[EventRounds "11"]
[EventCountry "USA"]
[SourceTitle "CB12_2024"]
[SourceDate "2023.10.01"]
[SourceVersion "1"]
[SourceVersionDate "2023.10.01"]
[SourceQuality "1"]

1. e4 e5 2. Nf3 Nf6 3. Nxe5 d6 4. Nf3 Nxe4 5. Nc3 Nxc3 6. dxc3 Be7 7. Bf4 0-0 8. Qd2 Nd7 9. 0-0-0 Nc5 10. h3 Re8 11. g4 Bf8 12. Bd3 Qd7 13. Kb1 Qa4 14. b3 Qa3 15. Ng5 h6 16. Nf3 Be6 17. g5 Na4 0-1

[Event "Titled Tuesday intern op 12th Mar Late"]
[Site "Chess.com INT"]
[Date "2024.03.12"]
[Round "10"]
[White "Pasti, Aron"]
[Black "Willy, Stephen"]
[Result "1-0"]
[WhiteElo "2373"]
[BlackElo "1994"]
[PlyCount "57"]
[EventDate "2024.03.12"]
[EventType "swiss (blitz)"]
[EventRounds "11"]
[EventCountry "USA"]
[SourceTitle "CB12_2024"]
[SourceDate "2023.10.01"]
[SourceVersion "1"]
[SourceVersionDate "2023.10.01"]
[SourceQuality "1"]

1. e4 c5 2. Nf3 a6 3. c4 Nc6 4. Nc3 e5 5. g3 d6 6. Bg2 g6 7. 0-0 Bg7 8. d3 Nge7 9. Ne1 0-0 10. Nc2 f5 11. exf5 gxf5 12. f4 Ng6 13. fxe5 Bxe5 14. Nd5 Be6 15. Nf4 Nxf4 16. Bxf4 Qc7 17. Ne3 Bxb2 18. Rb1 Bd4 19. Kh1 Rab8 20. Nd5 Bxd5 21. Bxd5+ Kh8 22. Qh5 Ne5 23. Bh6 Nxd3 24. Rxf5 Rxf5 25. Qxf5 Nf2+ 26. Kg2 Qe7 27. Rf1 b5 28. Bg5 Qf8 29. Rxf2 1-0

[Event "HUN-ch U20"]
[Site "Budapest"]
[Date "2024.03.11"]
[Round "1"]
[White "Bodrogi, Bendeguz"]
[Black "Pasti, Aron"]
[Result "1-0"]
[WhiteElo "2316"]
[BlackElo "2373"]
[PlyCount "85"]
[EventDate "2024.03.11"]
[EventType "tourn"]
[EventRounds "9"]
[EventCountry "HUN"]
[EventCategory "4"]
[SourceTitle "CB13_2024"]
[SourceDate "2024.03.27"]
[SourceVersion "1"]
[SourceVersionDate "2024.03.27"]
[SourceQuality "1"]

1. Nf3 Nf6 2. g3 g6 3. Bg2 Bg7 4. 0-0 0-0 5. d4 d6 6. Nc3 Nbd7 7. a4 d5 8. e4 dxe4 9. Ng5 e5 10. d5 Nb6 11. Ngxe4 Nxe4 12. Nxe4 f5 13. a5 Nc4 14. Qe2 Nd6 15. Nxd6 cxd6 16. c4 Qf6 17. f4 e4 18. Ra2 Bd7 19. Be3 b5 20. axb6 axb6 21. Rfa1 Rxa2 22. Rxa2 Rb8 23. Ra6 Qd8 24. b4 b5 25. c5 dxc5 26. Bxc5 Bc8 27. Rd6 Qe8 28. Bf1 Bf8 29. Rf6 Be7 30. Rc6 Bb7 31. Re6 Bxc5+ 32. bxc5 Qf8 33. Rd6 Ba8 34. Qb2 e3 35. Qe5 Re8 36. Re6 Rd8 37. d6 Be4 38. Bxb5 Rb8 39. Re8 Qxe8 40. Qxe8+ Rxe8 41. Bxe8 Kf8 42. Bb5 Kf7 43. c6 1-0

[Event "Budapest One Week GM 02"]
[Site "Budapest"]
[Date "2024.02.28"]
[Round "4"]
[White "Grover, Sahaj"]
[Black "Pasti, Aron"]
[Result "1-0"]
[WhiteElo "2503"]
[BlackElo "2365"]
[PlyCount "91"]
[EventDate "2024.02.26"]
[EventType "tourn"]
[EventRounds "9"]
[EventCountry "HUN"]
[EventCategory "6"]
[SourceTitle "CB11_2024"]
[SourceDate "2024.03.13"]
[SourceVersion "1"]
[SourceVersionDate "2024.03.13"]
[SourceQuality "1"]

1. d4 d5 2. c4 e6 3. Nc3 Nf6 4. cxd5 exd5 5. Bg5 Be7 6. e3 0-0 7. Bd3 Nbd7 8. Qc2 c6 9. h3 Re8 10. Nf3 Nf8 11. Bf4 Ng6 12. Bh2 Bd6 13. Bxd6 Qxd6 14. 0-0-0 b5 15. Kb1 a6 16. Rc1 Bb7 17. e4 Qd8 18. e5 Nd7 19. h4 c5 20. Bxg6 fxg6 21. h5 cxd4 22. hxg6 h6 23. Qf5 Qe7 24. Ne2 Rf8 25. Qh5 Rxf3 26. gxf3 d3 27. Nd4 Qxe5 28. Qxe5 Nxe5 29. Rc7 Bc8 30. f4 Nc4 31. f5 Nd6 32. Rh5 Ne4 33. Ne6 Bxe6 34. fxe6 Nf6 35. Rh3 Re8 36. Rxd3 Rxe6 37. Rc8+ Ne8 38. Rxd5 Kf8 39. Rf5+ Ke7 40. Rf7+ Kd6 41. f4 h5 42. f5 Re1+ 43. Kc2 h4 44. Rd8+ Kc5 45. f6 Nxf6 46. Rxf6 1-0

[Event "HUN-chT 2324"]
[Site "Hungary"]
[Date "2024.02.18"]
[Round "4.9"]
[White "Palczert, Matyas"]
[Black "Pasti, Aron"]
[Result "0-1"]
[WhiteElo "2338"]
[BlackElo "2394"]
[PlyCount "82"]
[EventDate "2023.10.28"]
[EventType "team-tourn"]
[EventRounds "9"]
[EventCountry "HUN"]
[SourceTitle "CB16_2024"]
[SourceDate "2024.04.17"]
[SourceVersion "1"]
[SourceVersionDate "2024.04.17"]
[SourceQuality "1"]
[WhiteTeam "Tungsram ANSK"]
[BlackTeam "Ajka Sentimento"]
[WhiteTeamCountry "HUN"]
[BlackTeamCountry "HUN"]

1. c4 e6 2. Nf3 d5 3. e3 Nf6 4. Nc3 dxc4 5. Bxc4 a6 6. d4 b5 7. Bb3 Bb7 8. 0-0 b4 9. Nb1 c5 10. Ba4+ Nc6 11. Ne5 Rc8 12. Nd2 Bd6 13. Ndc4 0-0 14. Nxd6 Qxd6 15. Nxc6 Bxc6 16. Bxc6 Rxc6 17. dxc5 Qxc5 18. Bd2 Rd6 19. Qc1 Qb5 20. a3 b3 21. Bb4 Rc6 22. Qd2 Rc2 23. Qd4 Rfc8 24. Bc3 Qd5 25. Qb6 Qb5 26. Qd4 Qd5 27. Qb6 Qc4 28. Qd4 Qxd4 29. Bxd4 Ne4 30. a4 f6 31. f3 Nd2 32. Rfe1 e5 33. Bc3 Nc4 34. Rab1 Nb6 35. Ra1 R8xc3 36. bxc3 b2 37. Rad1 Nxa4 38. Rd8+ Kf7 39. Kf1 Nxc3 40. Rb8 a5 41. Rb7+ Kg6 0-1

[Event "Titled Tuesday intern op 13th Feb Late"]
[Site "Chess.com INT"]
[Date "2024.02.13"]
[Round "3"]
[White "Pasti, Aron"]
[Black "Duda, Jan Krzysztof"]
[Result "0-1"]
[WhiteElo "2365"]
[BlackElo "2732"]
[PlyCount "40"]
[EventDate "2024.02.13"]
[EventType "swiss (blitz)"]
[EventRounds "11"]
[EventCountry "USA"]
[SourceTitle "CB08_2024"]
[SourceDate "2024.02.21"]
[SourceVersion "1"]
[SourceVersionDate "2024.02.21"]
[SourceQuality "1"]

1. e4 e5 2. Nf3 Nc6 3. Bb5 a6 4. Ba4 Nf6 5. 0-0 b5 6. Bb3 Bc5 7. c3 d6 8. d4 Bb6 9. a4 Bg4 10. Be3 0-0 11. Na3 Qe8 12. axb5 exd4 13. cxd4 axb5 14. Rc1 Na5 15. Bc2 b4 16. Ba4 Qxe4 17. Nb5 Bxf3 18. gxf3 Qe7 19. Bg5 c6 20. Re1 Qd8 0-1

[Event "Titled Tuesday intern op 13th Feb Early"]
[Site "Chess.com INT"]
[Date "2024.02.13"]
[Round "1"]
[White "Pasti, Aron"]
[Black "Mamedyarov, Shakhriyar"]
[Result "0-1"]
[WhiteElo "2365"]
[BlackElo "2722"]
[PlyCount "150"]
[EventDate "2024.02.13"]
[EventType "swiss (blitz)"]
[EventRounds "11"]
[EventCountry "USA"]
[SourceTitle "CB08_2024"]
[SourceDate "2024.02.21"]
[SourceVersion "1"]
[SourceVersionDate "2024.02.21"]
[SourceQuality "1"]

1. e4 d5 2. exd5 Qxd5 3. Nc3 Qa5 4. Bc4 Nf6 5. d3 Bg4 6. f3 Bf5 7. Be3 e6 8. Qe2 Ba3 9. Bc1 Nc6 10. Qd2 Bb4 11. Nge2 0-0-0 12. 0-0 h5 13. a3 Bd6 14. Nb5 Qb6+ 15. d4 Be7 16. a4 Na5 17. Bd3 a6 18. b4 Bxb4 19. Qxb4 Nc6 20. Qb2 Bxd3 21. cxd3 axb5 22. axb5 Nb8 23. Bd2 Nd5 24. Rfc1 Qd6 25. Nc3 Nxc3 26. Bxc3 h4 27. b6 c6 28. h3 Rh5 29. Qf2 Qg3 30. Qxg3 hxg3 31. Bd2 Rxd4 32. Be3 Rxd3 33. Bf4 Na6 34. Bxg3 Rb5 35. Rxc6+ bxc6 36. Rxa6 Rd1+ 37. Kh2 Rd2 38. Bc7 c5 39. Ra8+ Kb7 40. Rf8 Rd7 41. Rb8+ Kc6 42. Rg8 c4 43. Rxg7 c3 44. Rg4 c2 45. Rc4+ Rc5 46. Rxc5+ Kxc5 47. b7 c1Q 48. b8Q Qc4 49. Bg3 Qb5 50. Qe5+ Kc6 51. Qc3+ Kb7 52. Qf6 Qd5 53. Qf4 f5 54. Qb8+ Kc6 55. Qa8+ Kc5 56. Bf2+ Kc4 57. Qa2+ Kd3 58. Qb1+ Kd2 59. Be1+ Ke2 60. Bg3 Qd2 61. Qb5+ Kd1 62. Qb3+ Qc2 63. Qxe6 Rd2 64. h4 Rxg2+ 65. Kh3 Re2 66. Qd5+ Rd2 67. Qe5 Qd3 68. Qa1+ Kc2 69. Qa2+ Kc3 70. Qa5+ Kc4 71. Qa6+ Kd5 72. Qd6+ Kc4 73. Qc6+ Kb4 74. Qb6+ Qb5 75. Qe3 Qf1# 0-1

[Event "Titled Tuesday intern op 13th Feb Early"]
[Site "Chess.com INT"]
[Date "2024.02.13"]
[Round "7"]
[White "Rosenberg, Evan"]
[Black "Pasti, Aron"]
[Result "1-0"]
[WhiteElo "1985"]
[BlackElo "2365"]
[PlyCount "131"]
[EventDate "2024.02.13"]
[EventType "swiss (blitz)"]
[EventRounds "11"]
[EventCountry "USA"]
[SourceTitle "CB08_2024"]
[SourceDate "2024.02.21"]
[SourceVersion "1"]
[SourceVersionDate "2024.02.21"]
[SourceQuality "1"]

1. d4 Nf6 2. Bg5 Ne4 3. h4 c5 4. dxc5 Qa5+ 5. Nd2 e6 6. c3 Nxd2 7. Qxd2 Qxc5 8. Nf3 d5 9. g3 Nc6 10. Bg2 Be7 11. Bxe7 Qxe7 12. 0-0-0 b5 13. e4 dxe4 14. Nd4 Nxd4 15. Qxd4 f5 16. f3 0-0 17. fxe4 f4 18. e5 f3 19. Bh3 Bb7 20. Rhf1 Bd5 21. Kb1 a5 22. Rf2 Rac8 23. Qb6 Rb8 24. Qxa5 Ra8 25. Qb4 Bxa2+ 26. Kc2 Qxb4 27. cxb4 Rac8+ 28. Kd2 Bb3 29. Re1 Bd5 30. Ke3 Rc4 31. Rd1 Rxb4 32. Rd4 Rb3+ 33. Rd3 Rxd3+ 34. Kxd3 h5 35. Ke3 Kh7 36. Bf1 Kh6 37. Bxb5 g5 38. hxg5+ Kxg5 39. Rh2 Rf5 40. Rh4 Rxe5+ 41. Kf2 Rf5 42. Be8 Kh6 43. g4 Re5 44. Rxh5+ Rxh5 45. gxh5 Kg5 46. b4 e5 47. b5 Kf4 48. Bc6 Bg8 49. Bxf3 e4 50. Be2 e3+ 51. Kg2 Bd5+ 52. Kh3 Kg5 53. Kg3 Bf7 54. h6 Kxh6 55. Kf4 Kg6 56. Kxe3 Kf6 57. Kd4 Ke7 58. Kc5 Kd8 59. Kb6 Kc8 60. Ka7 Bd5 61. b6 Be4 62. Ba6+ Kd7 63. Bb7 Bd3 64. Bd5 Kd6 65. b7 Kxd5 66. b8Q 1-0

[Event "Titled Tuesday intern op 06th Feb Early"]
[Site "Chess.com INT"]
[Date "2024.02.06"]
[Round "4"]
[White "Figorito, Nick"]
[Black "Pasti, Aron"]
[Result "0-1"]
[WhiteElo "2036"]
[BlackElo "2365"]
[PlyCount "112"]
[EventDate "2024.02.06"]
[EventType "swiss (blitz)"]
[EventRounds "11"]
[EventCountry "USA"]
[SourceTitle "CB07_2024"]
[SourceDate "2024.02.14"]
[SourceVersion "1"]
[SourceVersionDate "2024.02.14"]
[SourceQuality "1"]

1. Nf3 d5 2. g3 g6 3. Bg2 Bg7 4. d4 Nf6 5. 0-0 0-0 6. c4 e6 7. cxd5 exd5 8. Nc3 c6 9. Bf4 Re8 10. Qd2 Nbd7 11. Bh6 Nf8 12. Bxg7 Kxg7 13. Ne5 N6d7 14. Nxd7 Bxd7 15. e4 dxe4 16. Nxe4 Be6 17. Nc5 Rb8 18. Rfe1 Bd5 19. Rxe8 Qxe8 20. Bxd5 cxd5 21. Re1 Qc6 22. Qf4 Rd8 23. Qe5+ Qf6 24. Nxb7 Qxe5 25. Rxe5 Rb8 26. Nc5 Rxb2 27. a4 Ne6 28. Rxd5 Kf6 29. Rd7 Ng5 30. h4 Nh3+ 31. Kg2 Nxf2 32. Rxa7 Nd1+ 33. Kf3 Rf2+ 34. Ke4 Rg2 35. a5 Rxg3 36. Kd5 Ra3 37. a6 h6 38. Ra8 g5 39. hxg5+ hxg5 40. Ne4+ Kf5 41. Nd6+ Kf6 42. Ra7 g4 43. Rxf7+ Kg6 44. Ra7 g3 45. Ra8 Kh7 46. Ra7+ Kg6 47. Ra8 g2 48. Rg8+ Kh7 49. Rxg2 Ne3+ 50. Kc5 Nxg2 51. Kb6 Nf4 52. a7 Ne6 53. Nc4 Ra1 54. Na5 Rb1+ 55. Kc6 Nxd4+ 56. Kd5 Nb5 0-1

[Event "Titled Tuesday intern op 06th Feb Early"]
[Site "Chess.com INT"]
[Date "2024.02.06"]
[Round "6"]
[White "Pasti, Aron"]
[Black "Horcajuelo Rocamora, Martin"]
[Result "0-1"]
[WhiteElo "2365"]
[BlackElo "2181"]
[PlyCount "74"]
[EventDate "2024.02.06"]
[EventType "swiss (blitz)"]
[EventRounds "11"]
[EventCountry "USA"]
[SourceTitle "CB07_2024"]
[SourceDate "2024.02.14"]
[SourceVersion "1"]
[SourceVersionDate "2024.02.14"]
[SourceQuality "1"]

1. e4 c5 2. Nf3 d6 3. d4 cxd4 4. Nxd4 Nf6 5. Nc3 a6 6. Bg5 e6 7. f4 h6 8. Bh4 Qb6 9. a3 Be7 10. Bf2 Qc7 11. Qf3 e5 12. Nf5 Bxf5 13. exf5 Nbd7 14. 0-0-0 Rc8 15. g4 e4 16. Qg3 d5 17. g5 Nh5 18. Qg4 Bxa3 19. Bd4 hxg5 20. bxa3 gxf4 21. Rd2 Ne5 22. Qg5 Nf3 23. Nxd5 Nxg5 24. Nxc7+ Rxc7 25. Rg2 Nf3 26. Bxg7 Nxg7 27. Rxg7 Nd4 28. Rg4 Nxc2 29. Rxf4 e3 30. Kd1 Ke7 31. Bd3 Rd8 32. Ke2 Nxa3 33. f6+ Ke6 34. Kxe3 Rc3 35. Rd1 Nc4+ 36. Rxc4 Rdxd3+ 37. Rxd3 Rxc4 0-1

[Event "Titled Tuesday intern op 06th Feb Late"]
[Site "Chess.com INT"]
[Date "2024.02.06"]
[Round "1"]
[White "Pasti, Aron"]
[Black "Narva, Triin"]
[Result "0-1"]
[WhiteElo "2365"]
[BlackElo "2095"]
[PlyCount "30"]
[EventDate "2024.02.06"]
[EventType "swiss (blitz)"]
[EventRounds "11"]
[EventCountry "USA"]
[SourceTitle "CB07_2024"]
[SourceDate "2024.02.14"]
[SourceVersion "1"]
[SourceVersionDate "2024.02.14"]
[SourceQuality "1"]

1. e4 d5 2. exd5 Qxd5 3. Nc3 Qd6 4. Bc4 Nf6 5. Nge2 Nc6 6. d3 Bg4 7. h3 Bxe2 8. Nxe2 e5 9. Be3 0-0-0 10. c3 Nd5 11. Bd2 f5 12. Ng3 g6 13. Qb3 Nb6 14. 0-0-0 Na5 15. Qa4 Nxa4 0-1

[Event "Titled Tuesday intern op 06th Feb Early"]
[Site "Chess.com INT"]
[Date "2024.02.06"]
[Round "7"]
[White "Pasti, Aron"]
[Black "Silva, Pedro Gil Ferreira"]
[Result "0-1"]
[WhiteElo "2365"]
[BlackElo "2222"]
[PlyCount "68"]
[EventDate "2024.02.06"]
[EventType "swiss (blitz)"]
[EventRounds "11"]
[EventCountry "USA"]
[SourceTitle "CB07_2024"]
[SourceDate "2024.02.14"]
[SourceVersion "1"]
[SourceVersionDate "2024.02.14"]
[SourceQuality "1"]

1. e4 c5 2. Nf3 e6 3. d4 cxd4 4. Nxd4 a6 5. Bd3 Qc7 6. 0-0 Nf6 7. Qe2 d6 8. c4 Be7 9. Nc3 0-0 10. Be3 b6 11. Rac1 Nbd7 12. f4 Bb7 13. Bb1 Rfe8 14. b4 Rad8 15. g4 g6 16. g5 Nh5 17. f5 exf5 18. Nd5 Bxd5 19. cxd5 Qb7 20. Nc6 Rc8 21. Qc4 Bf8 22. Bf2 Ne5 23. Qb3 Nxc6 24. dxc6 Rxc6 25. Qd5 Rec8 26. exf5 Qd7 27. fxg6 hxg6 28. Rce1 Nf4 29. Qf3 Ne6 30. h4 Rc3 31. Qg4 R8c4 32. Qg2 Nf4 33. Qa8 Qg4+ 34. Kh1 Rh3# 0-1

[Event "Titled Tuesday intern op 23rd Jan Late"]
[Site "Chess.com INT"]
[Date "2024.01.23"]
[Round "3"]
[White "Ottosen, David"]
[Black "Pasti, Aron"]
[Result "0-1"]
[WhiteElo "2067"]
[BlackElo "2389"]
[PlyCount "48"]
[EventDate "2024.01.23"]
[EventType "swiss (blitz)"]
[EventRounds "11"]
[EventCountry "USA"]
[SourceTitle "CB05_2024"]
[SourceDate "2024.01.31"]
[SourceVersion "1"]
[SourceVersionDate "2024.01.31"]
[SourceQuality "1"]

1. e4 c5 2. Nf3 e6 3. d4 cxd4 4. Nxd4 Nc6 5. Nc3 Qc7 6. Nxc6 bxc6 7. Bd3 d5 8. 0-0 Nf6 9. Re1 Bc5 10. e5 Nd7 11. Bf4 0-0 12. Qh5 g6 13. Qh6 Re8 14. h4 Bd4 15. Qg5 Qb6 16. Nd1 Ba6 17. c3 Bxe5 18. Bxg6 Bxf4 19. Bxf7+ Kxf7 20. Qxf4+ Nf6 21. Ne3 e5 22. Qh6 Bd3 23. g4 Rg8 24. g5 Rg6 0-1

[Event "Titled Tuesday intern op 16th Jan Late"]
[Site "Chess.com INT"]
[Date "2024.01.16"]
[Round "4"]
[White "Domingo Nunez, Ruben"]
[Black "Pasti, Aron"]
[Result "1-0"]
[WhiteElo "2439"]
[BlackElo "2389"]
[PlyCount "51"]
[EventDate "2024.01.16"]
[EventType "swiss (blitz)"]
[EventRounds "11"]
[EventCountry "USA"]
[SourceTitle "CB04_2024"]
[SourceDate "2023.10.16"]
[SourceVersion "1"]
[SourceVersionDate "2023.10.16"]
[SourceQuality "1"]

1. d4 Nf6 2. Nc3 d5 3. Bf4 g6 4. Qd2 Bg7 5. h4 h5 6. 0-0-0 a6 7. Nh3 b5 8. f3 Nbd7 9. Ng5 Nb6 10. e4 0-0 11. e5 Nh7 12. g4 hxg4 13. h5 Nxg5 14. Bxg5 b4 15. Nb1 Bf5 16. h6 f6 17. hxg7 Re8 18. Qh2 Kf7 19. Bf4 Rc8 20. Bxa6 Ra8 21. Bb5 c6 22. Bxc6 Rg8 23. exf6 Rc8 24. Rhe1 exf6 25. fxg4 Bxg4 26. Bd6 1-0

[Event "Titled Tuesday intern op 16th Jan Late"]
[Site "Chess.com INT"]
[Date "2024.01.16"]
[Round "2"]
[White "Espinoza Villanueva, Rodrigo"]
[Black "Pasti, Aron"]
[Result "0-1"]
[WhiteElo "1928"]
[BlackElo "2389"]
[PlyCount "70"]
[EventDate "2024.01.16"]
[EventType "swiss (blitz)"]
[EventRounds "11"]
[EventCountry "USA"]
[SourceTitle "CB04_2024"]
[SourceDate "2023.10.16"]
[SourceVersion "1"]
[SourceVersionDate "2023.10.16"]
[SourceQuality "1"]

1. d4 Nf6 2. c4 e6 3. Nf3 Bb4+ 4. Nbd2 0-0 5. a3 Bxd2+ 6. Qxd2 b6 7. e3 Bb7 8. Bd3 d6 9. Qc2 Nbd7 10. b4 a5 11. Bb2 axb4 12. axb4 Rxa1+ 13. Bxa1 c5 14. bxc5 bxc5 15. 0-0 Bxf3 16. gxf3 cxd4 17. exd4 h6 18. Bc3 Nh5 19. Kh1 Qf6 20. Be4 Nf4 21. Rg1 d5 22. cxd5 exd5 23. Bf5 Nb6 24. Rg3 Nc4 25. Bb4 Ra8 26. Bc5 Ra1+ 27. Rg1 Rxg1+ 28. Kxg1 Qg5+ 29. Bg4 h5 30. h4 Qxh4 31. Qf5 Ne2+ 32. Kf1 Ne3+ 33. fxe3 Ng3+ 34. Kg2 Nxf5 35. Bxf5 Qg5+ 0-1